00294nam a2200121Ia 4500008004100000041001200041082001600053100002400069245001900093260003500112300001100147650001400158231217s9999 xx 000 0 und d aEnglish a294.54 NIK aNikhilananda, Swami 0aSelf knowledge cNULLbRamakrishna Math, Madras axx+272 aKnowledge